00740nam a2200205 a 450000100100000000500170001000800410002702000150006804000250008308200150010810000290012324500740015226000420022630000360026850000230030459000620032704900090038995201190039899900170051700002522920200930023638.0110211s2001 sp ac r 000 0 spa d a0884043045 aDO-SdBNPbspacBNPHU aNNNbB399m1 aBedarkov, Anatoli95171010aMoscú, Kremlin para V.V. Putin :b(la carta 1) /cAnatoli Bedarkov. aMadrid, (España) :b[S. e.],c2001. a271 p. :bil., retrs. ;c21 cm. aIncluye apéndice aLa biblioteca posee un ejemplar autografiado por el autor aBNGR 001054708MOaGRbGRcCTd2011-02-11iLF1l0oNNN B399mp25229-10r2020-06-25w2020-06-25y4ZPréstamo en sala c24722d24722